000 00680nam a2200277Ia 4500
005 20260324144517.0
008 008 260324s9999 xx 000 0 eng d
020 _a9781315745169
037 _aEBOOK
040 _aCRL
040 _beng
040 _cCRL
041 _2eng
041 _aeng
084 _qCRL
100 _aAdnan Badran; Bichara Khader
_91219596
245 4 _aThe Economic Development of Jordan (RLE Economy of Middle East)
260 _bTaylor and Francis
260 _c1987
365 _a
365 _b230
856 _uhttp://www.taylorfrancis.com/books/9781315745169
942 _cEBOOK
999 _c1826293
_d1826293